[Event "AUTO-MASTER-1756"]
[Site "http://www.queenalice.com/game.php?id=1115182"]
[Date "2012.10.23"]
[Round "1"]
[White "zegan13"]
[Black "ChessPirate"]
[Result "0-1"]
[WhiteElo "2063"]
[BlackElo "2201"]

1. e4 e5 2. Nf3 Nc6 3. d4 exd4 4. Nxd4 Bb4+ 5. c3 Bc5 6. Be3 Bb6 7. Bc4 Ne5 8.
Be2 Nf6 9. Nd2 O-O 10. f4 Ng6 0-1

[Event "AUTO-MASTER-1756"]
[Site "http://www.queenalice.com/game.php?id=1115183"]
[Date "2012.10.23"]
[Round "1"]
[White "ChessPirate"]
[Black "vincentlennon"]
[Result "1-0"]
[WhiteElo "2221"]
[BlackElo "1973"]

1. d4 d5 2. c4 Nf6 3. cxd5 Nxd5 4. Nf3 e6 5. e4 Nf6 6. Nc3 Bb4 7. Bd3 c6 8. O-O
a6 9. Bg5 h6 10. Bh4 Be7 11. Qb3 O-O 12. Rad1 Nbd7 13. e5 Nd5 14. Nxd5 cxd5 15.
Bxe7 Qxe7 16. Bb1 f5 17. exf6 Nxf6 18. Ne5 Qd6 19. Rfe1 b5 20. Qd3 Ne4 21. Rxe4
dxe4 22. Qxe4 Rf5 23. Qxa8 Rxe5 24. Qxc8+ Kf7 25. Qb7+ Kg8 26. Rc1 Rf5 27. Bxf5
exf5 28. d5 1-0

[Event "AUTO-MASTER-1756"]
[Site "http://www.queenalice.com/game.php?id=1115184"]
[Date "2012.10.23"]
[Round "1"]
[White "vincentlennon"]
[Black "ChessPirate"]
[Result "0-1"]
[WhiteElo "1963"]
[BlackElo "2226"]

1. e4 e5 2. f4 d5 3. exd5 exf4 4. Nf3 Nf6 5. Bc4 Nxd5 6. O-O Be6 7. Re1 Be7 8.
d4 O-O 9. c3 c5 10. h3 cxd4 11. cxd4 Nc6 12. Bxd5 Bxd5 13. Bxf4 Bxf3 14. Qxf3
Qxd4+ 15. Kh1 Qxb2 16. Nc3 Bf6 17. Ne4 Qxa1 18. Rxa1 Bxa1 19. Qg4 f5 20. Qd1
fxe4 21. Qd5+ Kh8 22. Qxe4 Rae8 23. Qb1 Rxf4 24. Qxa1 Rf2 25. Qb1 b6 26. Qd1
Ree2 27. Qd7 Ne7 28. Qxa7 Rxg2 29. Qxb6 Rh2+ 30. Kg1 Reg2+ 31. Kf1 Rb2 32. Qd8+
Ng8 0-1

[Event "AUTO-MASTER-1820"]
[Site "http://www.queenalice.com/game.php?id=1151963"]
[Date "2013.2.14"]
[Round "1"]
[White "ChessPirate"]
[Black "Buuuu"]
[Result "0-1"]
[WhiteElo "2232"]
[BlackElo "2132"]

1. e4 e6 2. d4 d5 3. Nd2 Nc6 4. Ngf3 Nf6 5. e5 Nd7 6. Be2 f6 7. exf6 Qxf6 8. Nf1
Bd6 9. Ne3 O-O 10. O-O Qg6 11. g3 Nf6 12. Nh4 Qe8 0-1

[Event "AUTO-MASTER-1820"]
[Site "http://www.queenalice.com/game.php?id=1151964"]
[Date "2013.2.14"]
[Round "1"]
[White "Buuuu"]
[Black "ChessPirate"]
[Result "0-1"]
[WhiteElo "2139"]
[BlackElo "2204"]

1. e4 d5 2. exd5 Nf6 3. Nf3 Nxd5 4. d4 g6 5. c4 Nb6 6. Nc3 Bg7 7. c5 Nd5 8. Bc4
Nxc3 9. bxc3 O-O 10. O-O Nc6 11. Re1 Bg4 12. Bg5 h6 13. Bh4 g5 14. Bg3 e5 15.
dxe5 Qxd1 16. Raxd1 Rfe8 17. Rd5 Be6 18. Nd4 Bxd5 19. Bxd5 Nxe5 20. Bxb7 Rab8
21. c6 Nxc6 22. Rxe8+ Rxe8 23. Kf1 Nxd4 24. cxd4 Bxd4 25. a4 c5 26. f4 c4 0-1

[Event "AUTO-MASTER-1820"]
[Site "http://www.queenalice.com/game.php?id=1151967"]
[Date "2013.2.14"]
[Round "1"]
[White "ChessPirate"]
[Black "Christhechessplayer"]
[Result "1-0"]
[WhiteElo "2214"]
[BlackElo "2014"]

1. e4 e5 2. Bc4 Bc5 3. Nf3 Nc6 4. c3 Nf6 5. d4 exd4 6. e5 d5 7. Bb5 Ne4 8. cxd4
Bb4+ 9. Bd2 Bxd2+ 10. Nbxd2 Nxd2 11. Bxc6+ bxc6 12. Nxd2 O-O 13. O-O a5 14. Nb3
a4 15. Nc5 a3 16. b3 Be6 17. f4 g6 18. Qf3 Qe7 19. Rac1 Rab8 20. g4 f5 21. g5
Rb4 22. Qc3 Rb6 23. b4 Rfb8 24. Qxa3 1-0

[Event "AUTO-MASTER-1820"]
[Site "http://www.queenalice.com/game.php?id=1151968"]
[Date "2013.2.14"]
[Round "1"]
[White "Christhechessplayer"]
[Black "ChessPirate"]
[Result "1-0"]
[WhiteElo "2072"]
[BlackElo "2217"]

1. e4 e6 2. d4 d5 3. Nd2 a6 4. Bd3 c5 5. c3 cxd4 6. cxd4 dxe4 7. Nxe4 Bb4+ 8.
Nc3 Nc6 9. Nf3 Nf6 10. O-O O-O 11. h3 h6 12. a3 Bd6 13. Be3 1-0

[Event "AUTO-MASTER-1756"]
[Site "http://www.queenalice.com/game.php?id=1171506"]
[Date "2013.4.14"]
[Round "2"]
[White "ChessPirate"]
[Black "mole"]
[Result "1-0"]
[WhiteElo "2243"]
[BlackElo "2215"]

1. e4 c6 2. Nc3 d5 3. Qf3 dxe4 4. Nxe4 Nd7 5. d4 Ndf6 6. Bd3 Qxd4 7. Ne2 Qb6 8.
Be3 Qxb2 9. O-O Bg4 10. Qg3 Bxe2 11. Nxf6+ Nxf6 12. Rab1 Qa3 13. Bxe2 Qxa2 14.
Rxb7 Rd8 15. Qc7 Qe6 16. Rb8 Qd7 17. Rxd8+ Qxd8 18. Qxc6+ 1-0

[Event "AUTO-MASTER-1756"]
[Site "http://www.queenalice.com/game.php?id=1171507"]
[Date "2013.4.14"]
[Round "2"]
[White "mole"]
[Black "ChessPirate"]
[Result "0-1"]
[WhiteElo "2263"]
[BlackElo "2284"]

1. e4 c5 2. d3 d5 3. Qe2 Nc6 4. c3 e5 5. g3 h5 6. Bg2 d4 7. Nf3 Be7 8. Na3 h4 9.
Bd2 h3 10. Bf1 Bg4 11. Rd1 dxc3 12. bxc3 Qa5 13. Nc4 Qxa2 14. Ne3 Nf6 15. Nxg4
Nxg4 16. Nh4 Bxh4 17. Qxg4 Be7 18. Bxh3 Rd8 19. Bf1 Bf6 20. Be2 Kf8 21. O-O Qa5
22. Ra1 Qc7 23. Be3 b6 24. Rfb1 Qe7 25. Ra6 g6 26. f3 Kg7 27. Bf1 Qd7 28. Qxd7
Rxd7 29. Be2 Rhd8 30. Kf2 Be7 31. f4 Rh8 32. Kg2 Rhd8 33. fxe5 Rxd3 34. Bxd3
Rxd3 35. Bf4 Rxc3 36. Rc1 Rb3 37. h4 Rb2+ 38. Kf1 Rb4 39. Re1 Rd4 40. Bc1 c4 41.
Bb2 Rd2 42. Re2 Rd3 43. Kg2 c3 44. Bc1 Bb4 45. Ra1 Bc5 46. Bf4 b5 47. Ra6 Nd4
48. Re3 Rd2+ 49. Kh3 b4 50. Re1 Rb2 51. Ra5 Bb6 52. Ra4 c2 53. Bg5 Rb1 54. Rc1
b3 55. Rc4 f6 56. Bxf6+ Kf7 0-1

[Event "AUTO-MASTER-1820"]
[Site "http://www.queenalice.com/game.php?id=1184306"]
[Date "2013.5.24"]
[Round "2"]
[White "Aspayne"]
[Black "ChessPirate"]
[Result "0-1"]
[WhiteElo "2018"]
[BlackElo "2259"]

1. e4 d5 2. exd5 Nf6 3. Nc3 Nxd5 4. Bc4 Nb6 5. Bb3 Nc6 6. Nf3 Bf5 7. O-O e6 8.
d3 Be7 9. Bf4 O-O 10. Nb5 Rc8 11. Qe2 Nd5 12. Bg3 Bf6 13. c3 a6 14. Nbd4 Nxd4
15. Nxd4 Bxd4 16. cxd4 Nb4 17. Rfd1 Qxd4 18. Be5 Qg4 19. Qxg4 Bxg4 20. Rd2 Rfd8
21. d4 c5 22. a3 Nc6 23. f3 Nxe5 24. fxg4 Nxg4 25. h3 Nf6 26. Rad1 Ne4 27. Rc2
b5 28. Re2 Ng3 29. Rxe6 fxe6 30. Bxe6+ Kf8 31. Bxc8 Rxc8 32. dxc5 Rxc5 33. Rd3
Ne4 0-1

[Event "AUTO-MASTER-1820"]
[Site "http://www.queenalice.com/game.php?id=1184307"]
[Date "2013.5.24"]
[Round "2"]
[White "ChessPirate"]
[Black "Aspayne"]
[Result "1-0"]
[WhiteElo "2254"]
[BlackElo "2019"]

1. e4 Nf6 2. e5 Nd5 3. Nc3 Nxc3 4. bxc3 d6 5. f4 Nc6 6. Nf3 dxe5 7. fxe5 Bg4 8.
d4 e6 9. Bd3 Be7 10. O-O Qd5 11. Rb1 O-O-O 12. Be3 Bxf3 13. Qxf3 f6 14. Be4 Qc4
15. Rxb7 Kxb7 16. Bxc6+ Kc8 17. Bb7+ Kd7 18. d5 fxe5 19. dxe6+ Qxe6 20. Rd1+ Bd6
21. Bc6+ Ke7 22. Bg5+ 1-0

[Event "AUTO-MASTER-1820"]
[Site "http://www.queenalice.com/game.php?id=1216751"]
[Date "2013.9.13"]
[Round "3"]
[White "ChessPirate"]
[Black "Buuuu"]
[Result "1-0"]
[WhiteElo "2264"]
[BlackElo "2213"]

1. e4 e6 2. d4 d5 3. Nd2 Nc6 4. Ngf3 Nf6 5. e5 Nd7 6. c3 f6 7. Bb5 fxe5 8. dxe5
Be7 9. Nd4 Ndxe5 10. f4 a6 11. Qh5+ Kf8 12. fxe5 axb5 13. O-O+ 1-0

[Event "AUTO-MASTER-1820"]
[Site "http://www.queenalice.com/game.php?id=1216752"]
[Date "2013.9.13"]
[Round "3"]
[White "Buuuu"]
[Black "ChessPirate"]
[Result "0-1"]
[WhiteElo "2197"]
[BlackElo "2274"]

1. e4 e6 2. d4 d5 3. Nc3 Bb4 4. e5 c5 5. a3 Bxc3+ 6. bxc3 Ne7 7. h4 Qa5 8. Bd2
Qa4 9. Qb1 Nbc6 10. Bb5 Qa5 11. h5 h6 12. Ne2 Qc7 13. f4 a6 14. Bxc6+ Qxc6 15.
a4 b6 16. dxc5 bxc5 17. a5 O-O 18. O-O Bd7 19. Qb6 Qb5 20. Kf2 Rab8 21. Qxb5
Bxb5 22. Rfb1 Nc6 23. Nc1 f6 24. exf6 Rxf6 25. Kg3 Rbf8 26. Nd3 Bxd3 27. cxd3 e5
28. Rb6 exf4+ 29. Kf2 f3 30. g3 Ne5 31. d4 Ng4+ 32. Kf1 cxd4 33. cxd4 Nh2+ 34.
Kf2 Re8 35. Re1 Ng4+ 36. Kf1 Rxe1+ 37. Bxe1 f2 38. Bxf2 Rxf2+ 39. Ke1 Rf6 40.
Rb8+ Kh7 41. Rd8 Re6+ 42. Kd2 Nf6 0-1

[Event "AUTO-ELITE-1257"]
[Site "http://www.queenalice.com/game.php?id=1241235"]
[Date "2013.12.19"]
[Round "1"]
[White "ChessPirate"]
[Black "Donidon"]
[Result "1-0"]
[WhiteElo "2316"]
[BlackElo "2174"]

1. e4 c5 2. d4 cxd4 3. c3 dxc3 4. Nxc3 Nc6 5. Nf3 d6 6. Bc4 Nf6 7. e5 Ng4 8.
exd6 Qxd6 9. O-O a6 10. Qa4 Qc5 11. h3 Nf6 12. Be3 Qh5 13. Nb5 e6 14. Nc7+ Kd8
15. Nxa8 1-0

[Event "AUTO-ELITE-1257"]
[Site "http://www.queenalice.com/game.php?id=1241240"]
[Date "2013.12.19"]
[Round "1"]
[White "ChessPirate"]
[Black "JORGESILVA19D"]
[Result "1-0"]
[WhiteElo "2324"]
[BlackElo "2282"]

1. e4 c6 2. d4 d5 3. exd5 cxd5 4. c4 Nf6 5. Nc3 e6 6. Nf3 Be7 7. cxd5 exd5 8.
Bd3 O-O 9. h3 Be6 10. O-O a6 11. Bf4 Nbd7 12. Re1 h6 13. Ne5 Rc8 14. Rc1 b5 15.
Ng6 fxg6 16. Rxe6 Ne4 17. Nxd5 Rxc1 18. Bxc1 Bh4 19. Rxe4 Bxf2+ 20. Kh1 Nf6 21.
Nxf6+ Rxf6 22. Qe2 Qc7 23. Bf4 Rxf4 24. Re8+ Kh7 25. Rh8+ 1-0

[Event "AUTO-ELITE-1257"]
[Site "http://www.queenalice.com/game.php?id=1241241"]
[Date "2013.12.19"]
[Round "1"]
[White "JORGESILVA19D"]
[Black "ChessPirate"]
[Result "0-1"]
[WhiteElo "2309"]
[BlackElo "2304"]

1. e4 e5 2. d4 exd4 3. c3 d5 4. exd5 Qxd5 5. Nf3 Nc6 6. Be2 Bg4 7. O-O d3 8.
Bxd3 Bxf3 9. Qxf3 Qxf3 10. gxf3 O-O-O 11. Be4 Nge7 12. Be3 f5 13. Bxc6 Nxc6 14.
Nd2 g5 15. f4 gxf4 16. Bxf4 Rg8+ 17. Kh1 Rg4 18. Be3 f4 19. f3 fxe3 20. fxg4
exd2 21. Rad1 Bh6 22. Kg2 Ne5 23. h3 Nc4 0-1

[Event "AUTO-ELITE-1257"]
[Site "http://www.queenalice.com/game.php?id=1279972"]
[Date "2014.5.8"]
[Round "2"]
[White "Norfair"]
[Black "ChessPirate"]
[Result "1-0"]
[WhiteElo "2540"]
[BlackElo "2335"]

1. d4 d5 2. c4 e6 3. Nf3 c5 4. cxd5 exd5 5. g3 Nc6 6. Bg2 Nf6 7. O-O Be7 8. Nc3
O-O 9. Bg5 c4 10. Ne5 Be6 11. e3 h6 12. Bxf6 Bxf6 13. f4 Ne7 14. g4 b5 15. f5
Bc8 16. Qf3 Rb8 17. Rf2 Re8 18. Raf1 b4 19. Nxd5 Bxe5 20. dxe5 Bb7 21. Nxe7+
Qxe7 22. Qf4 Bxg2 23. Rxg2 Qxe5 24. Rc2 Qxe3+ 25. Qxe3 Rxe3 26. Rxc4 b3 27. a3
1-0

[Event "AUTO-ELITE-1257"]
[Site "http://www.queenalice.com/game.php?id=1279973"]
[Date "2014.5.8"]
[Round "2"]
[White "ChessPirate"]
[Black "Norfair"]
[Result "0-1"]
[WhiteElo "2329"]
[BlackElo "2544"]

1. e4 c5 2. d4 cxd4 3. c3 Nf6 4. e5 Nd5 5. Bc4 Qc7 6. Qe2 Nb6 7. Bd3 Nc6 8. Nf3
d6 9. exd6 Qxd6 10. Nxd4 Nxd4 11. cxd4 g6 12. Nc3 Bg7 13. O-O O-O 14. Be3 Bd7
15. Ne4 Qb8 16. Nc3 Bc6 17. Rfd1 Rd8 18. Bc2 Qd6 19. Bb3 e6 20. Rd2 Rac8 21.
Rad1 Nd5 22. Ne4 Qf8 23. Nc3 h6 0-1